[Event "Mittelrhein Verbandsliga-O 15/16"]
[Site "Nordrheinwestfalen"]
[Date "2015.09.06"]
[Round "1"]
[White "Adimi, Shahriar"]
[Black "Moews, Thomas"]
[Result "0-1"]
[WhiteElo "1783"]
[BlackElo "1706"]
[PlyCount "96"]
[EventDate "2015.09.06"]
[EventType "team-tourn"]
[EventRounds "11"]
[EventCountry "GER"]
[SourceTitle "EXT 2022"]
[Source "ChessBase"]
[SourceDate "2021.10.06"]
[SourceVersion "1"]
[SourceVersionDate "2021.10.06"]
[SourceQuality "1"]
[WhiteTeam "Euskirchen Turm"]
[BlackTeam "Troisdorf"]
[WhiteTeamCountry "GER"]
[BlackTeamCountry "GER"]

1. d4 Nf6 2. c4 c5 3. d5 b5 4. cxb5 a6 5. bxa6 Bxa6 6. Nc3 g6 7. Nf3 Bg7 8. g3 0-0 9. e4 Bxf1 10. Kxf1 d6 11. Kg2 Nbd7 12. h3 Qc7 13. Be3 Rfb8 14. Qc2 Nb6 15. Nd2 Qd7 16. Rhd1 Na4 17. Rdb1 Ne8 18. Nb3 Nc7 19. Nxa4 Qxa4 20. Rc1 Na6 21. Bd2 Nb4 22. Bxb4 Rxb4 23. Rab1 Rxe4 24. a3 Re5 25. Qd3 Rb8 26. Nd2 Qa8 27. Nf3 Rxd5 28. Qe4 Rf5 29. Qxa8 Rxa8 30. Rc4 Rd5 31. g4 Rd3 32. Ne1 Rb3 33. Re4 e6 34. Re3 Rxb2 35. Rxb2 Bxb2 36. Nc2 c4 37. Kf3 d5 38. Re1 d4 39. Rb1 Bc3 40. Ke4 f5+ 41. gxf5 gxf5+ 42. Kf4 Kf7 43. Kg5 Rg8+ 44. Kf4 Kf6 45. a4 Ra8 46. Na3 Rxa4 47. Nb5 Bd2+ 48. Kf3 c3 0-1

[Event "Mittelrhein Verbandsliga-M 1112"]
[Site "Germany"]
[Date "2012.03.18"]
[Round "8.2"]
[White "Adimi, Shahriar"]
[Black "Di Franco, Patricio"]
[Result "0-1"]
[WhiteElo "1852"]
[BlackElo "2005"]
[PlyCount "76"]
[EventDate "2011.09.18"]
[EventType "team-tourn"]
[EventRounds "11"]
[EventCountry "GER"]
[SourceTitle "EXT 2013"]
[Source "ChessBase"]
[SourceDate "2012.11.22"]
[SourceVersion "1"]
[SourceVersionDate "2012.11.22"]
[SourceQuality "1"]
[WhiteTeam "Rheinbacher SF II"]
[BlackTeam "Koeln Lasker II"]
[WhiteTeamCountry "GER"]
[BlackTeamCountry "GER"]

1. c4 e6 2. Nf3 d5 3. e3 Nf6 4. Nc3 c5 5. d4 a6 6. cxd5 exd5 7. dxc5 Bxc5 8. h3 0-0 9. Bd3 Nc6 10. 0-0 Re8 11. a3 Ba7 12. b4 Qc7 13. Bb2 Ne5 14. Nxe5 Qxe5 15. Na4 Qg5 16. Qf3 Ne4 17. Rad1 Bd7 18. Bc2 Bc6 19. Bd4 Bxd4 20. Rxd4 Re6 21. Bxe4 dxe4 22. Qd1 Rg6 23. g3 h5 24. Nc3 Re8 25. Nd5 h4 26. g4 f5 27. Nf4 fxg4 28. hxg4 Rf6 29. Kh2 Qe5 30. Kh3 g5 31. Rd5 Bxd5 32. Qxd5+ Qxd5 33. Nxd5 Rd6 34. Rd1 Kf7 35. Rd4 Red8 36. Nb6 Rxd4 37. exd4 Rxd4 38. Kg2 Ke6 0-1

[Event "Mittelrhein Verbandsliga-M 1112"]
[Site "Germany"]
[Date "2012.02.26"]
[Round "7.2"]
[White "Adimi, Shahriar"]
[Black "Walter, Kurt"]
[Result "1/2-1/2"]
[WhiteElo "1852"]
[BlackElo "2122"]
[PlyCount "140"]
[EventDate "2011.09.18"]
[EventType "team-tourn"]
[EventRounds "11"]
[EventCountry "GER"]
[SourceTitle "EXT 2013"]
[Source "ChessBase"]
[SourceDate "2012.11.22"]
[SourceVersion "1"]
[SourceVersionDate "2012.11.22"]
[SourceQuality "1"]
[WhiteTeam "Rheinbacher SF II"]
[BlackTeam "Koeln SF II"]
[WhiteTeamCountry "GER"]
[BlackTeamCountry "GER"]

1. Nf3 Nf6 2. g3 b5 3. Bg2 Bb7 4. d4 e6 5. 0-0 Be7 6. Bf4 0-0 7. c3 a6 8. Nbd2 d6 9. Re1 Nd5 10. e4 Nxf4 11. gxf4 Nd7 12. Nf1 c5 13. Ng3 cxd4 14. cxd4 Re8 15. Rc1 Nf6 16. f5 exf5 17. e5 dxe5 18. dxe5 Ne4 19. Nxf5 Bc5 20. Ne3 Qb6 21. Qb3 Re6 22. Re2 h6 23. h4 Rg6 24. h5 Re6 25. Rd1 Rd8 26. Rxd8+ Qxd8 27. a4 Ng5 28. Ng4 Bxf3 29. Bxf3 bxa4 30. Qd5 Nxf3+ 31. Qxf3 Re8 32. Re1 Qg5 33. Kf1 Rd8 34. e6 fxe6 35. Re5 Qe7 36. Qe2 Re8 37. Qc4 a5 38. Qxc5 Qh4 39. Ne3 Qh1+ 40. Ke2 Qb7 41. Qb5 Qf7 42. Qxa4 Rf8 43. f4 Qb7 44. b3 Qh1 45. Qd7 Qh2+ 46. Kd3 Qxf4 47. Qxe6+ Kh8 48. Rxa5 Qb4 49. Qd5 Qb8 50. Rb5 Qc8 51. Rc5 Qa6+ 52. Qc4 Qd6+ 53. Rd5 Qe6 54. b4 Rc8 55. Qd4 Qa6+ 56. Nc4 Qa8 57. b5 Re8 58. Ne5 Qa2 59. Nf7+ Kg8 60. Ne5 Qb3+ 61. Ke4 Qb1+ 62. Qd3 Qb4+ 63. Ke3 Qe1+ 64. Kd4 Qf2+ 65. Qe3 Qb2+ 66. Kc5 Qc2+ 67. Kd6 Qc8 68. Rd4 Rd8+ 69. Ke7 Re8+ 70. Kd6 Rd8+ 1/2-1/2